Todo sobre tus hormonas / (Record no. 193545)

MARC details
000 -LEADER
campo de control de longitud fija 01733nam a2200313 i 4500
001 - NÚMERO DE CONTROL
campo de control 193545
003 - IDENTIFICADOR DE NÚMERO DE CONTROL
campo de control ES-MaACL
005 - FECHA Y HORA DE LA ÚLTIMA TRANSACCIÓN
campo de control 20250708203206.0
008 - DATOS DE LONGITUD FIJA--INFORMACIÓN GENERAL
campo de control de longitud fija 240105s2023 sp ||||| |||| 00| 0 spa d
020 ## - NÚMERO INTERNACIONAL ESTÁNDAR DEL LIBRO
Número Internacional Estándar del Libro 9788491879657
040 ## - FUENTE DE CATALOGACIÓN
Centro/agencia transcriptor ES-MaACL
100 ## - ENTRADA PRINCIPAL--NOMBRE DE PERSONA
Nombre de persona Armijo, Onica
9 (RLIN) 234847
Término indicativo de función/relación Autor
245 ## - MENCIÓN DEL TÍTULO
Título Todo sobre tus hormonas /
Mención de responsabilidad, etc. Onica Armijo, María de la Calle.
250 ## - MENCION DE EDICION
Mención de edición Primera edición: mayo de 2023
260 ## - PUBLICACIÓN, DISTRIBUCIÓN, ETC.
Lugar de publicación, distribución, etc. [Barcelona] :
Nombre del editor, distribuidor, etc. RBA,
Fecha de publicación, distribución, etc. 2023
300 ## - DESCRIPCIÓN FÍSICA
Extensión 252 páginas ;
Dimensiones 22 cm
520 ## - RESUMEN, ETC.
Sumario, etc. Todas, alguna vez, nos hemos visto desbordadas por nuestras hormonas o nos da un subidón o un bajón, nos afectan al estado de ánimo y notamos cambios en el cuerpo. Nos dicen que es debido a fluctuaciones hormonales, pero no entendemos por qué. En estas páginas, dos ginecólogas de prestigio te explican de manera clara y con rigor las variaciones y la importancia de las hormonas en todas las etapas vitales de la mujer: recién nacidas, niñez, adolescencia, edad fértil, embarazo, lactancia, menopausia y senectud.
650 #4 - PUNTO DE ACCESO ADICIONAL DE MATERIA--TÉRMINO DE MATERIA
9 (RLIN) 13477
Término de materia o nombre geográfico como elemento de entrada Hormonas
700 ## - ENTRADA AGREGADA--NOMBRE PERSONAL
Nombre de persona Calle, María de la
9 (RLIN) 234848
Término indicativo de función/relación Autor
852 ## - LOCALIZACIÓN
Ubicación ES-MaACL
Sublocalización o colección R.154863
Ubicación en estantería Depósito J
Número de control de estantería N-9694
Donativo/Legado Donación: Onica Armijo y María de la Calle
Encuadernación Encuadernación rústica con solapas
itemnumber 201300
Anotaciones manuscritas Dedicatorias autógrafas de las autoras
903 ## - NOMBRE PERSONAL DE DONANTE
9 234847
a Armijo, Onica
903 ## - NOMBRE PERSONAL DE DONANTE
9 234848
a Calle, María de la
e Donante
942 ## - ELEMENTOS DE ENTRADA SECUNDARIOS (KOHA)
Suprimir en OPAC No
Tipo de ítem Koha Libro impreso
Holdings
Estatus retirado Estado de pérdida Fuente del sistema de clasificación o colocación Estado de daño No para préstamo Colección Biblioteca de origen Biblioteca actual Ubicación en estantería Fecha de adquisición Fuente de adquisición Total de préstamos Signatura topográfica completa Código de barras Visto por última vez Precio de reemplazo Tipo de ítem Koha Nota pública
    Clasificación decimal universal     Libros con dedicatorias Biblioteca del Ateneo de Madrid Biblioteca del Ateneo de Madrid Depósito J 21/11/2023 Donación   N-9694 101206719 12/02/2024 12/02/2024 Libro impreso Dedicatoria autógrafa de las autoras